Top 30 NBA Players of 2022 - Statistics

General Stats
  • This quiz has been taken 191 times
  • The average score is 29 of 30
Answer Stats
Hint Answer % Correct
Lakers LeBron James
100%
Suns Devin Booker
99%
Bucks Giannis Antetokounmpo
99%
76ers Joel Embiid
99%
Nets Kevin Durant
99%
Nuggets Nikola Jokic
99%
Warriors Steph Curry
99%
76ers James Harden
98%
Celtics Jayson Tatum
98%
Heat Jimmy Butler
98%
Mavericks Luka Doncic
98%
Lakers Anthony Davis
97%
Suns Chris Paul
97%
Trailblazers Damian Lillard
97%
Hawks Trae Young
97%
Grizzlies Ja Morant
96%
Clippers Kawhi Leonard
96%
Nets Kyrie Irving
96%
Clippers Paul George
95%
Bulls DeMar DeRozan
94%
Hornets LaMelo Ball
94%
Bulls Zach LaVine
94%
Celtics Jaylen Brown
93%
Wizards Bradley Beal
92%
Timberwolves Karl-Anthony Towns
92%
Bucks Khris Middleton
91%
Heat Bam Adebayo
89%
Jazz Donovan Mitchell
87%
Raptors Pascal Siakam
87%
Jazz Rudy Gobert
87%
No matching quizzes found
Score Distribution
Percent of People with Each Score
Percentile by Number Answered
Your Score History
You have not taken this quiz